| 000 | 00000nam##2200000za#4500 |
| 001 | 9.696862 |
| 003 | CaOODSP |
| 005 | 20210624235226 |
| 007 | cr ||||||||||| |
| 008 | 150407|1994||||xxc|||||o f|0| 0 eng|d |
| 040 | |aCaOODSP|beng |
| 043 | |an-cn--- |
| 086 | 1 |aH68-34/1994E-PDF |
| 110 | 1 |aCanada.|bNational Council of Welfare. |
| 245 | 10|a[Social security backgrounders] |h[electronic resource] |
| 260 | |aOttawa - Ontario : |bNational Council of Welfare |c[1994]. |
| 300 | |a50p.|bfigs., graphs, tables |
| 500 | |aNo. 1. First thoughts about reforming social programs: unemployment insurance and welfare -- No. 2. Who are the people on welfare? -- No. 3. Income assistance for families with children -- No. 4. Working for welfare -- No. 5. Welfare and other income support programs. |
| 590 | |a12-41-Supp|b2012-11-07 |
| 690 | 07|aSocial security|2gcpds |
| 775 | 08|t[Documents de travail sur la sécurité sociale] |w(CaOODSP)9.640946 |
| 856 | 40|ahttp://publications.gc.ca|qPDF|s2.19 MB|uhttps://publications.gc.ca/collections/collection_2012/cnb-ncw/H68-34-1994-eng.pdf |